00941cam a2200265 i 4500001001900000003000400019005001700023008004100040015001600081017004400097020001800141040002900159080001800188080002000206100002600226245011100252264003800363300004600401490003500447504006300482650003400545650002800579650003300607830003500640991060937659406706OSt20230615182849.0230313e202303 spca||| |||| 0|0 0|cat|c aLL20232bnc aDL B 3663-2023bBiblioteca de Catalunya a9788491809890 aES-BaUOCbcaterdacCDMR a659.12322004 a659.131.2220041 aCaballé May, Jordi,14aUna paraula val més que mil imatges :bcopywriting per persuadir les audiències /cJordi Caballé May 1aBarcelona :bEditorial UOC,c2023 a133 pàgines :bil·lustracions ;c21 cm1 aManuals ;v273.aComunicació aInclou referències bibliogràfiques (pàgines 131-133) 7aPublicitatxRedacció2lemac 0aLlenguatge publicitari  0aCreativitat en la publicitat 0aManuals (Editorial UOC) ;v273